| 000 | 00829nam a2200313Ia 4500 | ||
|---|---|---|---|
| 001 | 12501 | ||
| 005 | 20240113235400.0 | ||
| 007 | ta | ||
| 008 | 051021s1961 a g b000 u 465 u | ||
| 020 | _cHB | ||
| 040 | _aCotton College,Assam | ||
| 041 | _a465 | ||
| 082 |
_a372 _bB 891 In |
||
| 100 | _aBurbury, W.Mary. | ||
| 245 | 0 |
_aAn Introduction to Child Guidance / _cW.Mary Burbury,Edna M. Balint & Bridget J.Yapp. _hTextual Documents |
|
| 250 | _a1st ed. / | ||
| 260 |
_aNew York : _bMacmillan and co , _c1961. |
||
| 300 |
_a199p. : _bill. ; _c19cm . |
||
| 504 | _aIndex | ||
| 653 | _aEducation | ||
| 653 | _aChild Guidance | ||
| 653 | _aG-Education | ||
| 700 | _aBalint, ,Edna M.. | ||
| 700 | _aYapp, Bridget J.. | ||
| 942 |
_2ddc _cBK |
||
| 999 |
_c12487 _d12487 |
||